Surprise Island / (Record no. 1380)

MARC details
000 -LEADER
fixed length control field 01129cam a2200337 a 4500
005 - DATE AND TIME OF LATEST TRANSACTION
control field 20230822163932.0
020 ## - INTERNATIONAL STANDARD BOOK NUMBER
International Standard Book Number 9781602705876
040 ## - CATALOGING SOURCE
Original cataloging agency DLC
Transcribing agency DLC
Modifying agency DLC
050 00 - LIBRARY OF CONGRESS CALL NUMBER
Classification number PZ7.W887625
Item number Sur 2009
082 00 - DEWEY DECIMAL CLASSIFICATION NUMBER
Classification number [E]
Edition number 22
100 1# - MAIN ENTRY--PERSONAL NAME
Personal name Worley, Rob M.
245 10 - TITLE STATEMENT
Title Surprise Island /
Statement of responsibility, etc. adapted by Rob M. Worley ; illustrated by Mike Dubisch.
260 ## - PUBLICATION, DISTRIBUTION, ETC.
Place of publication, distribution, etc. Morton Grove :
Name of publisher, distributor, etc. Scholastic,
Date of publication, distribution, etc. 1977
300 ## - PHYSICAL DESCRIPTION
Extent 178 pages :
Other physical details illustrations ;
Dimensions 24 cm.
490 0# - SERIES STATEMENT
Series statement Gertrude Chandler Warner's the boxcar children ;
Volume/sequential designation book 2
505 ## - FORMATTED CONTENTS NOTE
Formatted contents note K
520 ## - SUMMARY, ETC.
Summary, etc. Summer vacation on an almost private island gives the Aldens a challenge.
521 ## - TARGET AUDIENCE NOTE
Target audience note 610 <br/>
Source Lexile
521 ## - TARGET AUDIENCE NOTE
Target audience note K <br/>
Source Raz-Plus
650 #1 - SUBJECT ADDED ENTRY--TOPICAL TERM
Topical term or geographic name entry element Graphic novels.
650 #1 - SUBJECT ADDED ENTRY--TOPICAL TERM
Topical term or geographic name entry element Orphans
Form subdivision Fiction.
650 #1 - SUBJECT ADDED ENTRY--TOPICAL TERM
Topical term or geographic name entry element Family life
Form subdivision Fiction.
650 #1 - SUBJECT ADDED ENTRY--TOPICAL TERM
Topical term or geographic name entry element Mystery and detective stories.
655 #0 - INDEX TERM--GENRE/FORM
Genre/form data or focus term Graphic novels.
700 1# - ADDED ENTRY--PERSONAL NAME
Personal name Dubisch, Michael,
Relator term illustrator
700 1# - ADDED ENTRY--PERSONAL NAME
Personal name Warner, Gertrude Chandler,
Dates associated with a name 1890-1979.
Title of a work Surprise Island.
906 ## - LOCAL DATA ELEMENT F, LDF (RLIN)
a 7
b cbc
c orignew
d 1
e ecip
f 20
g y-gencatlg
942 ## - ADDED ENTRY ELEMENTS (KOHA)
Source of classification or shelving scheme Dewey Decimal Classification
Koha item type Books
Suppress in OPAC No
999 ## -
-- 1380
-- 1380
Holdings
Withdrawn status Lost status Source of classification or shelving scheme Damaged status Not for loan Collection Home library Current library Shelving location Date acquired Total Checkouts Full call number Barcode Date last seen Price effective from Koha item type
    Dewey Decimal Classification     Juvenile Fiction Footprints International School Library Network Toul Kork Campus Footprints International School Library Network Toul Kork Campus   08/22/2023   WAR Fic PZ7.W244 FIS00568 08/22/2023 08/22/2023 Books